Представление документа в формате RUSMARC

ПолеНазваниеЗначение
  Тип записи a
  Библиографический уровень m
001 Контрольный номер RU/УОНБ/EK_N/427302650
005 Дата корректировки 20240131000305.5
010 Индекс ISBN __
9 Тираж 18000 экз.
013 Номер (ISMN) __
d Цена 45 к.
071 Издательские номер (звукозапись и ноты) 21
a Номер, присвоенный агентством 6856
100 Данные общей обработки __
a Данные общей обработки 20130716g1984 u y0rusy0189||||ca
101 Язык документа 0_
a Язык текста rus
f Язык титульного листа rus
102 Страна публикации __
a Страна публикации RU
105 Кодированные данные (монография) __
a Кодированные данные (монография) y###||||000|y
125 Кодированные данные звукозаписи и нотных изданий __
a Форма изложения нотного текста с|
128 Кодированные данные (звукозаписи-физические характеристики) __
a Кодированные данные: Музыкальная форма и тональность или лад zz
c Инструменты или голоса, рекомендуемые для солистов (устаревшее) kt||
200 Заглавие и сведения об ответственности 1_
a Заглавие Вып. 20
f Первые сведения об ответственности сост. Е. Константиновский
210 Выходные данные 1_
d Дата издания 1984
215 Физическое описание __
a Объем 28 c.
327 Примечание о содержании 11
a Примечание о содержании Содерж. : Хренников Т. Полька. - Раков Н. Утренний урок. - Прокофьев С. Сказочка. - Бойко Р. Песня без слов. - Мирзоев М. Веселый пастушок. - Благой Д. Шуточка. - Константиновский Е. Веселые мастера ; Пионеры в походе. - Шишаков Ю. Траурный вальс. - Томкевич Т. Баю-бай. - Мирек А. Мазурка. - Двилянский Е. На рассвете ; Величальная. - Катенин А. Инвенция. - Баскаева К. Полька. - Якшин В. Игра в солдатики. - Розанов А. Старинная песенка. - Холопенко Б. Вроде польки. - Жилин А. Вальс. - Варламов А. Белеет парус одинокий. - Гречанинов А. Прелюдия. - Даргомыжский А. Казачок. - Циполи Д. Менуэт. - Росселлини Р. Сувенир. - Шопен Ф. Колечко. - Утушка луговая : рус. нар. песня. - Лезгинка : грузин. нар. танец. - Глубокое озеро : карел. нар. песня.
461 Уровень набора _0
1 001RU/УОНБ/EK_N/426262497
1 200
a Альбом начинающего аккордеониста
b [Ноты]
v Вып. 20
1 210
a М.
c Советский композитор
d 1984
464 Аналитический уровень _0
1 2001
a Полька
1 700 1
a Хренников
b Т.
4 230
464 Аналитический уровень _0
1 2001
a Утренний урок
1 700 1
a Раков
b Н.
4 230
464 Аналитический уровень _0
1 2001
a Сказочка
1 700 1
a Прокофьев
b С.
4 230
464 Аналитический уровень _0
1 2001
a Песня без слов
1 700 1
a Бойко
b Р.
4 230
464 Аналитический уровень _0
1 2001
a Веселый пастушок
1 700 1
a Мирзоев
b М.
4 230
464 Аналитический уровень _0
1 2001
a Шуточка
1 700 1
a Благой
b Д.
4 230
464 Аналитический уровень _0
1 2001
a Веселые мастера
1 700 1
a Константиновский
b Е.
4 230
464 Аналитический уровень _0
1 2001
a Траурный вальс
1 700 1
a Шишаков
b Ю.
4 230
464 Аналитический уровень _0
1 2001
a Баю-бай
1 700 1
a Томкевич
b Т.
4 230
464 Аналитический уровень _0
1 201
a Мазурка
1 700 1
a Мирек
b А.
4 230
464 Аналитический уровень _0
1 2001
a На рассвете
1 700 1
a Двилянский
b Е.
4 230
464 Аналитический уровень _0
1 2001
a Инвенция
1 700 1
a Катенин
b А.
4 230
464 Аналитический уровень _0
1 2001
a Полька
1 700 1
a Баскаева
b К.
4 230
464 Аналитический уровень _0
1 2001
a Игра в солдатики
1 700 1
a Якшин
b В.
4 230
464 Аналитический уровень _0
1 2001
a Старинная песенка
1 700 1
a Розанов
b А.
4 230
464 Аналитический уровень _0
1 2001
a Вроде польки
1 700 1
a Холопенко
b Б.
4 230
464 Аналитический уровень _0
1 2001
a Вальс
1 700 1
a Жилин
b А.
4 230
464 Аналитический уровень _0
1 2001
a Белеет парус одинокий
1 700 1
a Варламов
b А.
4 230
464 Аналитический уровень _0
1 2001
a Прелюдия
1 700 1
a Гречанинов
b А.
4 230
464 Аналитический уровень _0
1 2001
a Казачок
1 700 1
a Даргомыжский
b А.
4 230
464 Аналитический уровень _0
1 2001
a Менуэт
1 700 1
a Циполи
b Д.
4 230
464 Аналитический уровень _0
1 2001
a Сувенир
1 700 1
a Росселлини
b Р.
4 230
464 Аналитический уровень _0
1 2001
a Колечко
1 700 1
a Шопен
b Ф.
4 230
464 Аналитический уровень _0
1 2001
a Утушка луговая
e рус. нар. песня
464 Аналитический уровень _0
1 2001
a Лезгинка
e грузин. нар. танец
464 Аналитический уровень _0
1 2001
a Глубокое озеро
e карельская нар. песня
464 Аналитический уровень _0
1 2001
a Пионеры в походе
1 700 1
a Константиновский
b Е.
4 230
464 Аналитический уровень _0
1 2001
a Величальная
1 700 1
a Двилянский
b Е.
4 230
512 Заглавие обложки 1_
a Заглавие обложки Альбом начинающего аккордеониста
606 Тематические рубрики 0_
a Основная рубрика Аккордеон
610 Ключевые слова 0_
a Ключевые слова аккордеон
686 Индексы других классификаций __
a Классификационный индекс 85.954.7я43
2 Код системы rubbk
702 Вторичная интеллектуальная ответственность _1
a Фамилия Константиновский
b Имя (инициалы) Е.
4 Код отношения 220
801 Источник записи _0
a Страна RU
b Организация Ульяновская ОНБ
c Дата составления 20130716
g Правила каталогизации RCR
801 Источник записи _1
a Страна RU
b Организация Ульяновская ОНБ
c Дата составления 20130716
g Правила каталогизации RCR
901 Тип документа __
t Тип документа n
w Контрольный № источника RU/УОНБ/EK_N/426262497
909 Создатель записи __
a Создатель записи Лобина Л. И.
938 Служебная информация __
a Имя БД noti
b Имя библиотеки УОНБ
c Имя АИБС МАРК-SQL
d Номер DOC_ID в БД 11573